000 00459nam a2200181Ia 4500
001 20035
005 20260306172736.0
008 260306t2016||||xx |||||||||||||| ||spa||
041 _aESP
082 _a342.211
_bC265
100 _aTribunal Constitucional del Perú
_eAUT
245 0 _aConvención americana sobre derechos humanos
260 _c2016
300 _a1040 páginas :
_c25 cm.
650 _aGEN
654 _aCDE
942 _cLIB
_dJUS
_fJUS
_2ddc
_n
999 _c20035
_d20035